00506 2200169 4500001002100000005001500021035002000036245009900056100002300155300003400178260004700212082000800259084001500267020001700282600002000299990001700319INLIS00000000000052720241203022733 a0010-12240000131 aDemokrasi Di Persimpangan Makna : Respons Intelektual Muslim Indonesia... /cMasykuri Abdillah0 aAbdillah, Masykuri a355 hlm :bilus ;c14 X 21 cm aYogyakarta :bPt Tiara Wacana Yogya,c1999 a321 a321 ABD d a979-8120-8-4 4aDemokrasi Islam a1322/PP/2023